01233cam a22003135a 4500001001000000003000400010005001700014008004100031020001800072020001500090040004000105082001700145100002000162245007000182260005300252300003400305504005300339650004000392650003100432651001000463653002700473653002300500700002000523700002000543942000800563999001700571952016500588952016600753016627770OSt20170213125252.0140129t2014 enka frb 001 0 eng d a9780077122669 a0077122666 aStDuBDSbengcStDuBDSdUkdEG-ScBUE04a153222bGIL1 aGilhooly, K. J.10aCognitive psychology /cKen Gilhooly, Fiona Lyddy, Frank Pollick. aLondon :bMcGraw-Hill Higher Education,cc.2014. axxi, 553 p. :bill. ;c26 cm. aIncludes bibliographical references and indexes. 7aCognitive psychology.2BUEsh933178 7aKognitiv psykologi.2BUEsh 2BUEsh bHHUUPPSScNovember2016 bGGENcFebruary20171 aLyddy, Fiona M.1 aPollick, Frank. 2ddc c23316d23288 00102ddc40708BaccahaMAINbMAINcLOWd2016-11-24ePurchaseg394.00h25135l2m4o153 GILp000040021q2023-11-08r2021-11-03 00:00:00s2021-11-03v492.50yBB 00102ddc40708AlahramaMAINbMAINcLOWd2017-02-13ePurchaseg390.00h21039l4m4o153 GILp000045447q2024-10-01r2023-04-29 00:00:00s2023-04-29v487.50yBB